000 00411nam a2200157Ia 4500
008 210716s2009 xx 000 0 und d
020 _a9788120337268
041 _aeng
082 _a005.2765 SATJ
100 _aSathiaseelan, J G R;Sasikaladevi, N.
245 _aProgramming with c# .net.
250 _a1
260 _aNew Delhi
_bPHI Learning Pvt Ltd
_c2009
300 _axii,458
650 _aC# Progamming
999 _c191401
_d191401